[Event "26.Torneo Collado Villalba 2011"]
[Site "Collado Villalba ESP"]
[Date "2011.08.28"]
[Round "6.7"]
[White "Madina Yadarola, Martin"]
[Black "Prieto Martin, Alfonso"]
[Result "1-0"]
[WhiteElo "2291"]
[BlackElo "2167"]
[PlyCount "99"]
[EventDate "2011.08.23"]
[EventType "swiss"]
[EventRounds "9"]
[EventCountry "ESP"]
[Source "lmi"]
[SourceDate "2011.08.23"]

1. Nf3 Nf6 2. b3 d6 3. d4 g6 4. Bb2 Bg7 5. g3 c6 6. Nbd2 O-O 7. Bg2 Qc7 8. a4
Re8 9. Nc4 Bg4 10. O-O Nbd7 11. Re1 Rad8 12. h3 Bxf3 13. exf3 e5 14. a5 Nd5 15.
Qd2 b5 16. axb6 axb6 17. Ne3 N7f6 18. Nxd5 cxd5 19. Bf1 e4 20. f4 Rc8 21. c3 h5
22. f5 Kh7 23. fxg6+ fxg6 24. c4 Bh6 25. Qc2 dxc4 26. bxc4 d5 27. c5 e3 28. Bd3
Ne4 29. f4 Bxf4 30. gxf4 Qxf4 31. Rf1 Nf2 32. Rxf2 Qxf2+ 33. Qxf2 exf2+ 34.
Kxf2 bxc5 35. Ra7+ Kg8 36. dxc5 Rf8+ 37. Ke3 Rce8+ 38. Kd4 Rf4+ 39. Kxd5 Rd8+
40. Ke5 Rf2 41. Bc4+ Kf8 42. Ba3 Rf5+ 43. Ke4 Re8+ 44. Kd3 Rf3+ 45. Kd4 Rf4+
46. Kc3 Rf3+ 47. Bd3 Rd8 48. c6+ Kg8 49. Rd7 Ra8 50. Bc5 1-0

[Event "26.Torneo Collado Villalba 2011"]
[Site "Collado Villalba ESP"]
[Date "2011.08.28"]
[Round "6.8"]
[White "Alcazar Jimenez, Jesus"]
[Black "Rodrigo Yanguas, Maria"]
[Result "0-1"]
[WhiteElo "2257"]
[BlackElo "2102"]
[PlyCount "54"]
[EventDate "2011.08.23"]
[EventType "swiss"]
[EventRounds "9"]
[EventCountry "ESP"]
[Source "lmi"]
[SourceDate "2011.08.23"]

1. e4 e6 2. d4 d5 3. exd5 exd5 4. Nf3 Nc6 5. h3 Bd6 6. c4 Qe7+ 7. Be2 dxc4 8.
O-O Bf5 9. Bxc4 O-O-O 10. Re1 Qd7 11. Nc3 Nb4 12. d5 Nc2 13. Nb5 Nxe1 14. Nxa7+
Kb8 15. Nc6+ Qxc6 16. dxc6 Bh2+ 17. Kxh2 Rxd1 18. Be2 Nxf3+ 19. Bxf3 Re1 20. b4
Nf6 21. b5 Be4 22. b6 Bxf3 23. bxc7+ Kc8 24. gxf3 Rhe8 25. Rb1 bxc6 26. Rb8+
Kxc7 27. Bf4+ Kd7 0-1

[Event "26.Torneo Collado Villalba 2011"]
[Site "Collado Villalba ESP"]
[Date "2011.08.28"]
[Round "6.9"]
[White "Pastor Alonso De Prado, Emilio"]
[Black "Suarez Triguero, Jose Alfonso"]
[Result "1-0"]
[WhiteElo "2197"]
[BlackElo "2079"]
[PlyCount "71"]
[EventDate "2011.08.23"]
[EventType "swiss"]
[EventRounds "9"]
[EventCountry "ESP"]
[Source "lmi"]
[SourceDate "2011.08.23"]

1. Nf3 Nf6 2. d4 d6 3. Nc3 Nbd7 4. e4 e5 5. Bc4 Be7 6. O-O O-O 7. a4 a5 8. Qe2
c6 9. b3 Qc7 10. Ba3 h6 11. Rad1 exd4 12. Rxd4 Ne5 13. Rfd1 Bg4 14. Bxd6 Bxd6
15. Rxd6 Qe7 16. R6d4 Nh5 17. Qe3 Bxf3 18. gxf3 Qg5+ 19. Qxg5 Nxf3+ 20. Kg2
Nxg5 21. Ne2 Rfe8 22. f3 Ne6 23. Rd6 Nc5 24. Ng3 Nf4+ 25. Kf2 Nfe6 26. Ke3 g6
27. h4 Kh7 28. f4 Re7 29. h5 Ng7 30. Bxf7 Nf5+ 31. Nxf5 Rxe4+ 32. Kf3 gxf5 33.
Bg6+ Kg7 34. Rg1 Ne6 35. Bxf5+ Ng5+ 36. Rxg5+ 1-0

[Event "26.Torneo Collado Villalba 2011"]
[Site "Collado Villalba ESP"]
[Date "2011.08.28"]
[Round "6.10"]
[White "Draghici Flutur, Gavril"]
[Black "Cao Armillas, Jesus"]
[Result "1-0"]
[WhiteElo "2077"]
[BlackElo "2194"]
[PlyCount "97"]
[EventDate "2011.08.23"]
[EventType "swiss"]
[EventRounds "9"]
[EventCountry "ESP"]
[Source "lmi"]
[SourceDate "2011.08.23"]

1. e4 c5 2. Nf3 e6 3. Nc3 a6 4. d4 cxd4 5. Nxd4 Qc7 6. Bd3 Nf6 7. Qe2 d6 8. O-O
Be7 9. Kh1 O-O 10. f4 Nc6 11. Nxc6 bxc6 12. e5 Nd5 13. Bd2 dxe5 14. fxe5 Nxc3
15. Bxc3 g6 16. Rf3 Bg5 17. Raf1 c5 18. Rh3 Bb7 19. Qg4 Qd8 20. Rh5 c4 21. Rxg5
cxd3 22. cxd3 Qxd3 23. Rd1 Qc2 24. Rd2 Qb1+ 25. Qd1 Qxa2 26. Rg4 Bd5 27. h4
Rfc8 28. h5 Rc4 29. b3 Rxg4 30. Rxa2 gxh5 31. Rd2 Rd8 32. Qf1 Rc8 33. Rxd5 exd5
34. e6 fxe6 35. Qf6 Re8 36. Qh8+ Kf7 37. Qxh7+ Kf8 38. Be5 Rd8 39. Qxh5 Rg8 40.
Qh6+ Kf7 41. Qf6+ Ke8 42. Qxe6+ Kf8 43. Qxa6 d4 44. Bxd4 Kf7 45. Qc4+ Kg6 46.
Qe6+ Kh5 47. Qf5+ Kh6 48. g4 Rdf8 49. Qh5# 1-0

[Event "26.Torneo Collado Villalba 2011"]
[Site "Collado Villalba ESP"]
[Date "2011.08.28"]
[Round "6.11"]
[White "Garcia Galeote, Lorenzo"]
[Black "De La Fuente Gonzalez, Francisc"]
[Result "1/2-1/2"]
[WhiteElo "2059"]
[BlackElo "2190"]
[PlyCount "44"]
[EventDate "2011.08.23"]
[EventType "swiss"]
[EventRounds "9"]
[EventCountry "ESP"]
[Source "lmi"]
[SourceDate "2011.08.23"]

1. d4 d5 2. c4 c6 3. cxd5 cxd5 4. Nf3 Nf6 5. Nc3 Nc6 6. Bf4 a6 7. e3 Bg4 8. h3
Bxf3 9. Qxf3 e6 10. Bd3 Bd6 11. Bxd6 Qxd6 12. O-O O-O 13. Rac1 Rac8 14. Rfd1
Rfd8 15. Qe2 e5 16. dxe5 Qxe5 17. Bb1 Ne4 18. Bxe4 dxe4 19. Rxd8+ Rxd8 20. Rd1
Rxd1+ 21. Qxd1 Qe6 22. a3 g6 1/2-1/2

[Event "26.Torneo Collado Villalba 2011"]
[Site "Collado Villalba ESP"]
[Date "2011.08.28"]
[Round "6.12"]
[White "Mena Corrochano, Alberto"]
[Black "Madurga Lopez, Ignacio"]
[Result "1-0"]
[WhiteElo "2175"]
[BlackElo "2036"]
[PlyCount "61"]
[EventDate "2011.08.23"]
[EventType "swiss"]
[EventRounds "9"]
[EventCountry "ESP"]
[Source "lmi"]
[SourceDate "2011.08.23"]

1. d4 d6 2. c4 Nf6 3. Nc3 g6 4. Nf3 Bg7 5. e4 O-O 6. Be2 e5 7. O-O Nc6 8. d5
Ne7 9. b4 Nh5 10. Re1 a5 11. Ba3 axb4 12. Bxb4 b6 13. a4 f5 14. Nd2 Nf6 15. a5
bxa5 16. Bxa5 f4 17. Nb3 Ne8 18. Nb5 Rf7 19. c5 dxc5 20. d6 Nc6 21. Bc4 Nxa5
22. Bxf7+ Kxf7 23. Nxa5 cxd6 24. Nc6 Qb6 25. Rxa8 Qxc6 26. Ra7+ Kf8 27. Qb3 c4
28. Qb4 Be6 29. Rd1 Qb6 30. Ra8 Qc6 31. Rxd6 1-0

[Event "26.Torneo Collado Villalba 2011"]
[Site "Collado Villalba ESP"]
[Date "2011.08.28"]
[Round "6.13"]
[White "Ramos Aldoradin, John Paul"]
[Black "Bote Kobolo, Benjamin"]
[Result "1-0"]
[WhiteElo "2159"]
[BlackElo "1979"]
[PlyCount "89"]
[EventDate "2011.08.23"]
[EventType "swiss"]
[EventRounds "9"]
[EventCountry "ESP"]
[Source "lmi"]
[SourceDate "2011.08.23"]

1. e4 Nc6 2. Nf3 Nf6 3. e5 Nd5 4. c4 Nf4 5. d4 Ng6 6. h4 e6 7. h5 Nge7 8. d5
exd5 9. cxd5 Nb4 10. Nc3 h6 11. Bc4 c6 12. dxc6 Nbxc6 13. Ne4 Nf5 14. O-O Be7
15. g4 Nh4 16. Nxh4 Nxe5 17. Nd6+ Bxd6 18. Qxd6 Qxh4 19. Qxe5+ Kf8 20. Qd6+ Kg8
21. f3 Qf6 22. Bf4 Qxb2 23. Rfe1 Qb6+ 24. Qxb6 axb6 25. Re8+ Kh7 26. Rxh8+ Kxh8
27. Re1 d5 28. Re8+ Kh7 29. Bd3+ f5 30. Rxc8 Rxc8 31. Bxf5+ Kg8 32. Bxc8 Kf7
33. Be5 b5 34. Bxb7 Ke6 35. Bxg7 b4 36. Bxh6 d4 37. Bd2 Ke5 38. Bxb4 Kf4 39.
Kf2 d3 40. Ba6 d2 41. Bxd2+ Ke5 42. Bd3 Kd4 43. Bc2 Ke5 44. f4+ Kd4 45. h6 1-0

[Event "26.Torneo Collado Villalba 2011"]
[Site "Collado Villalba ESP"]
[Date "2011.08.28"]
[Round "6.14"]
[White "Garcia Saez, Juan Carlos"]
[Black "Martin Martin, Luis Vicente"]
[Result "0-1"]
[WhiteElo "2070"]
[BlackElo "2048"]
[PlyCount "82"]
[EventDate "2011.08.23"]
[EventType "swiss"]
[EventRounds "9"]
[EventCountry "ESP"]
[Source "lmi"]
[SourceDate "2011.08.23"]

1. e4 d5 2. exd5 Qxd5 3. c4 Qd6 4. d4 Bf5 5. Nc3 Nc6 6. Be3 O-O-O 7. Nf3 Bg4 8.
c5 Qf6 9. d5 Bxf3 10. Qxf3 Qxf3 11. gxf3 Ne5 12. f4 Nf3+ 13. Ke2 Nh4 14. Bh3+
Kb8 15. b4 Nf6 16. Rhd1 g6 17. a4 Bg7 18. Ra3 Nf5 19. b5 e6 20. Bxf5 gxf5 21.
d6 cxd6 22. c6 d5 23. Bd4 Nh5 24. c7+ Kxc7 25. Bxa7 Nxf4+ 26. Kf3 Ng6 27. Kg2
Ne5 28. Bd4 Rhg8 29. Kf1 Nc4 30. b6+ Kc6 31. Rb3 e5 32. Nb5 exd4 33. Nxd4+ Bxd4
34. Rxd4 Nxb6 35. Rh4 Rde8 36. Rh6+ Rg6 37. Rxh7 Nc4 38. Rd3 Re7 39. h4 f4 40.
Rh5 f3 41. Rdxd5 Re1+ 0-1

[Event "26.Torneo Collado Villalba 2011"]
[Site "Collado Villalba ESP"]
[Date "2011.08.28"]
[Round "6.15"]
[White "Desanjose Candalija, Eduardo"]
[Black "Angelina Vela, Carlos"]
[Result "1-0"]
[WhiteElo "2275"]
[BlackElo "1998"]
[PlyCount "121"]
[EventDate "2011.08.23"]
[EventType "swiss"]
[EventRounds "9"]
[EventCountry "ESP"]
[Source "lmi"]
[SourceDate "2011.08.23"]

1. d4 d5 2. c4 e6 3. Nf3 c6 4. e3 Nf6 5. b3 Nbd7 6. Bd3 Bd6 7. Bb2 O-O 8. O-O
b6 9. Qc2 Bb7 10. Ne5 Rc8 11. f4 Re8 12. Nd2 Nf8 13. c5 Bb8 14. Ndf3 Ne4 15.
Bxe4 dxe4 16. Qxe4 Qd5 17. Qc2 f6 18. Nd3 Qh5 19. b4 h6 20. Nf2 Ba6 21. Rfe1 g5
22. Ne4 Nh7 23. Nd6 Bxd6 24. cxd6 Red8 25. Qa4 g4 26. Nd2 Qb5 27. Qb3 Rxd6 28.
Ne4 Rcd8 29. Nxd6 Rxd6 30. e4 Qh5 31. Rac1 Nf8 32. e5 fxe5 33. fxe5 Rd7 34.
Rxc6 g3 35. Qxg3+ Rg7 36. Qf2 Bb7 37. b5 Ng6 38. Qe2 Qh4 39. Qf2 Qh5 40. Rf1
Ne7 41. Qf6 Qg4 42. Qf8+ Kh7 43. Qf2 Nf5 44. Bc1 Nxd4 45. Be3 Ne2+ 46. Kh1 Qh5
47. Re1 Ng3+ 48. Kg1 Nf5 49. Bf4 Qg4 50. Kh1 h5 51. Rg1 h4 52. h3 Qg6 53. a4
Rf7 54. Qd2 Ne7 55. Rc7 Bd5 56. Bg5 Qf5 57. Qe3 Ng6 58. Rxf7+ Qxf7 59. Bf6 Qc7
60. Qg5 Qc3 61. Qh5+ 1-0

[Event "26.Torneo Collado Villalba 2011"]
[Site "Collado Villalba ESP"]
[Date "2011.08.28"]
[Round "6.16"]
[White "Torres Grajales, Ramon"]
[Black "Hernandez Yanez, Javier"]
[Result "1-0"]
[WhiteElo "2056"]
[BlackElo "1973"]
[PlyCount "65"]
[EventDate "2011.08.23"]
[EventType "swiss"]
[EventRounds "9"]
[EventCountry "ESP"]
[Source "lmi"]
[SourceDate "2011.08.23"]

1. e4 e6 2. d4 d5 3. Nc3 Bb4 4. e5 c5 5. dxc5 Bxc3+ 6. bxc3 Ne7 7. Nf3 Qc7 8.
Bd3 Ng6 9. Qe2 Nc6 10. O-O Ncxe5 11. Nxe5 Qxe5 12. Bb5+ Kf8 13. Qd2 Qc7 14. Ba3
Kg8 15. c4 Bd7 16. Rab1 Bxb5 17. Rxb5 Rd8 18. Rfb1 dxc4 19. Rxb7 Rxd2 20. Rxc7
h6 21. g3 Ne5 22. c6 Kh7 23. Bb2 Nxc6 24. Rxc6 Rxc2 25. Bd4 Rxa2 26. Rxc4 a6
27. Rb7 Kg6 28. Rcc7 Rd8 29. Be3 Kh5 30. Rxf7 Rd1+ 31. Kg2 g5 32. Rf6 Raa1 33.
h3 1-0

[Event "26.Torneo Collado Villalba 2011"]
[Site "Collado Villalba ESP"]
[Date "2011.08.28"]
[Round "6.17"]
[White "Torres Samper, Rafael"]
[Black "Luna Hermoso, Angel"]
[Result "1-0"]
[WhiteElo "2015"]
[BlackElo "2046"]
[PlyCount "125"]
[EventDate "2011.08.23"]
[EventType "swiss"]
[EventRounds "9"]
[EventCountry "ESP"]
[Source "lmi"]
[SourceDate "2011.08.23"]

1. e4 e5 2. Nf3 Nc6 3. Nc3 Nf6 4. Bb5 Bc5 5. Nxe5 Bxf2+ 6. Kxf2 Nxe5 7. Rf1 c6
8. Be2 d6 9. d4 Qb6 10. Kg1 Ng6 11. Bg5 Be6 12. Qd2 h6 13. Be3 Ng4 14. Bxg4
Bxg4 15. h3 Bd7 16. e5 dxe5 17. dxe5 Qa5 18. Rxf7 Nxe5 19. Rxd7 Nxd7 20. Qd6
Qe5 21. Qxe5+ Nxe5 22. Bd4 Nc4 23. Bxg7 Rh7 24. Bf6 Kf7 25. Bd4 Rd8 26. Ne2 Kg8
27. b3 Na3 28. Rc1 Nb5 29. c3 b6 30. a4 Nd6 31. b4 Nc4 32. Nf4 Re8 33. Nh5 Rf7
34. Nf6+ Rxf6 35. Bxf6 Re2 36. Bd4 Ra2 37. Rf1 Rxa4 38. Rf6 c5 39. bxc5 bxc5
40. Bxc5 h5 41. Rh6 Ra1+ 42. Kh2 a5 43. Rxh5 Nd2 44. g4 a4 45. Bd4 a3 46. Ra5
Ra2 47. Kg3 Nb3 48. Ra7 Ra1 49. Bf6 a2 50. c4 Rf1 51. g5 a1=Q 52. Bxa1 Nxa1 53.
c5 Nb3 54. c6 Rf8 55. Rd7 Nc5 56. Rd5 Ne6 57. Re5 Re8 58. Kg4 Re7 59. c7 Rxc7
60. Rxe6 Rc4+ 61. Kh5 Kf7 62. Ra6 Rc7 63. Kh6 1-0

[Event "26.Torneo Collado Villalba 2011"]
[Site "Collado Villalba ESP"]
[Date "2011.08.28"]
[Round "6.18"]
[White "Erice Alonso, Santiago"]
[Black "Morona Minguez, Irene"]
[Result "1-0"]
[WhiteElo "2043"]
[BlackElo "1930"]
[PlyCount "47"]
[EventDate "2011.08.23"]
[EventType "swiss"]
[EventRounds "9"]
[EventCountry "ESP"]
[Source "lmi"]
[SourceDate "2011.08.23"]

1. c4 Nf6 2. Nc3 g6 3. e4 d6 4. d4 Bg7 5. f4 O-O 6. Nf3 Na6 7. Bd3 Bg4 8. O-O
Nd7 9. Be3 e5 10. fxe5 c5 11. d5 Nxe5 12. Be2 f5 13. Nxe5 Bxe2 14. Qxe2 Bxe5
15. exf5 gxf5 16. Rxf5 Bxh2+ 17. Kh1 Be5 18. Qg4+ Kh8 19. Bg5 Rg8 20. Qh4 Qe8
21. Raf1 Qg6 22. Ne4 Bxb2 23. Rf7 Bg7 24. R1f6 1-0

[Event "26.Torneo Collado Villalba 2011"]
[Site "Collado Villalba ESP"]
[Date "2011.08.28"]
[Round "6.19"]
[White "Gordillo, Manuel"]
[Black "Bolea Jover, Jose"]
[Result "0-1"]
[WhiteElo "1930"]
[BlackElo "2021"]
[PlyCount "92"]
[EventDate "2011.08.23"]
[EventType "swiss"]
[EventRounds "9"]
[EventCountry "ESP"]
[Source "lmi"]
[SourceDate "2011.08.23"]

1. d4 d5 2. Bg5 Nf6 3. Bxf6 exf6 4. e3 c6 5. Bd3 Bd6 6. Nd2 O-O 7. Qh5 g6 8.
Qf3 Na6 9. c3 Be6 10. Ne2 Qd7 11. h3 c5 12. Qxf6 c4 13. Bc2 Nc7 14. Qf3 f5 15.
O-O Ne8 16. Nf4 Nf6 17. g3 b5 18. a3 a5 19. b4 Ne4 20. Nxe6 Qxe6 21. Bxe4 fxe4
22. Qg4 Qxg4 23. hxg4 Ra7 24. Kg2 Rfa8 25. Rac1 axb4 26. axb4 Ra2 27. Rfd1 R8a3
28. Kf1 Rb2 29. Ke1 Kf7 30. Nb1 Raa2 31. Rd2 Rxd2 32. Nxd2 Kf6 33. Kd1 Kg5 34.
Rc2 Ra4 35. Rb2 Kxg4 36. Ke2 h5 37. Nf1 Ra1 38. Rc2 g5 39. f3+ exf3+ 40. Kf2
Rxf1+ 41. Kxf1 Kxg3 42. Ra2 h4 43. Ra6 Bf8 44. Rf6 Bxb4 45. cxb4 h3 46. e4 h2
0-1

[Event "26.Torneo Collado Villalba 2011"]
[Site "Collado Villalba ESP"]
[Date "2011.08.28"]
[Round "6.20"]
[White "Aziz Ortego, Omar Luis"]
[Black "Camarero Izquierdo, Juan C"]
[Result "1-0"]
[WhiteElo "2168"]
[BlackElo "1946"]
[PlyCount "79"]
[EventDate "2011.08.23"]
[EventType "swiss"]
[EventRounds "9"]
[EventCountry "ESP"]
[Source "lmi"]
[SourceDate "2011.08.23"]

1. e4 c5 2. c4 Nc6 3. Ne2 Nf6 4. Nbc3 d6 5. d4 cxd4 6. Nxd4 g6 7. Nc2 Bg7 8.
Be2 O-O 9. O-O Qb6 10. Rb1 Ne5 11. h3 Be6 12. b3 Qa5 13. Bd2 Qc7 14. Ne3 a6 15.
f4 Nc6 16. Rc1 Nd4 17. Bd3 Qc5 18. Ncd5 Bxd5 19. cxd5 Qb6 20. Kh2 Rac8 21. Nc4
Qc7 22. Ba5 Qb8 23. Nb6 Rcd8 24. Rc4 Nd7 25. Nxd7 Rxd7 26. Bb6 e5 27. a4 f5 28.
Bxd4 exd4 29. exf5 gxf5 30. Re1 Rc7 31. Qh5 Rxc4 32. Bxf5 h6 33. bxc4 Qc7 34.
Qg6 Rxf5 35. Qxf5 Qf7 36. Qe6 Qxe6 37. dxe6 Kf8 38. g4 Ke7 39. f5 Be5+ 40. Kg2
1-0

[Event "26.Torneo Collado Villalba 2011"]
[Site "Collado Villalba ESP"]
[Date "2011.08.28"]
[Round "6.21"]
[White "Prada Lopez, Miguel Angel"]
[Black "Rodriguez De Robles, Ignacio"]
[Result "1-0"]
[WhiteElo "2150"]
[BlackElo "1943"]
[PlyCount "67"]
[EventDate "2011.08.23"]
[EventType "swiss"]
[EventRounds "9"]
[EventCountry "ESP"]
[Source "lmi"]
[SourceDate "2011.08.23"]

1. Nf3 Nf6 2. g3 g6 3. Bg2 Bg7 4. O-O O-O 5. d3 d5 6. Nbd2 c5 7. e4 Nc6 8. c3
e5 9. Re1 h6 10. exd5 Nxd5 11. Nc4 Re8 12. a4 Rb8 13. Qe2 Bf5 14. Nfd2 Qd7 15.
Ne4 Bf8 16. Ne3 Bxe4 17. dxe4 Nxe3 18. Bxe3 b6 19. Red1 Qe6 20. Rd5 Ne7 21. Rd2
Rbd8 22. Rad1 Rxd2 23. Rxd2 a5 24. Qb5 Qc6 25. Bf1 Rb8 26. f3 Qf6 27. Kg2 g5
28. Bxc5 Ng6 29. Bxf8 Nxf8 30. Bc4 Qe7 31. Rd5 Rd8 32. Qxb6 Rxd5 33. Bxd5 Kh7
34. Qb7 1-0

[Event "26.Torneo Collado Villalba 2011"]
[Site "Collado Villalba ESP"]
[Date "2011.08.28"]
[Round "6.22"]
[White "Arauz Alonso, Fernando"]
[Black "Garcia Fernandez, Jesus"]
[Result "1/2-1/2"]
[WhiteElo "2123"]
[BlackElo "1935"]
[PlyCount "78"]
[EventDate "2011.08.23"]
[EventType "swiss"]
[EventRounds "9"]
[EventCountry "ESP"]
[Source "lmi"]
[SourceDate "2011.08.23"]

1. d4 Nf6 2. Nf3 c5 3. c3 b6 4. Bg5 Bb7 5. Nbd2 d5 6. e3 g6 7. Bd3 Bg7 8. O-O
O-O 9. Qe2 Ne4 10. Bf4 Nd7 11. Rfd1 cxd4 12. cxd4 Rc8 13. Rac1 Ndf6 14. h3 Nxd2
15. Nxd2 Qd7 16. Be5 Rxc1 17. Rxc1 Rc8 18. Qd1 Rxc1 19. Qxc1 Ne4 20. Bxg7 Kxg7
21. Bxe4 dxe4 22. Qc2 Qc6 23. Qxc6 Bxc6 24. Kf1 Bb5+ 25. Ke1 Bd3 26. Nb3 Kf6
27. Nc1 Ba6 28. Ne2 Bxe2 29. Kxe2 Ke6 30. Kd2 Kd5 31. Kc3 f5 32. h4 h6 33. g3
g5 34. hxg5 hxg5 35. Kb4 a6 36. a4 f4 37. g4 fxe3 38. fxe3 e6 39. Kb3 Kd6
1/2-1/2

[Event "26.Torneo Collado Villalba 2011"]
[Site "Collado Villalba ESP"]
[Date "2011.08.28"]
[Round "6.23"]
[White "Esquivias Gomez, Francisco J"]
[Black "Fernandez Gil, Ruben Carlos"]
[Result "1-0"]
[WhiteElo "2036"]
[BlackElo "1847"]
[PlyCount "59"]
[EventDate "2011.08.23"]
[EventType "swiss"]
[EventRounds "9"]
[EventCountry "ESP"]
[Source "lmi"]
[SourceDate "2011.08.23"]

1. c4 c5 2. Nc3 g6 3. g3 Bg7 4. Bg2 Nc6 5. e4 d6 6. d3 e5 7. Nge2 Nge7 8. O-O
O-O 9. Be3 f5 10. f4 a6 11. Qd2 Rb8 12. fxe5 Nxe5 13. Bg5 Qc7 14. Rae1 b5 15.
b3 Be6 16. Nf4 Bf7 17. Bxe7 Qxe7 18. exf5 gxf5 19. Ncd5 Qg5 20. Qa5 Ng4 21.
Ne7+ Kh8 22. Nh3 Bd4+ 23. Kh1 Qf6 24. Qc7 Ne3 25. Rf3 Nxg2 26. Kxg2 Qh6 27. Nf4
Rbe8 28. Nxf5 Qf6 29. Rxe8 Rxe8 30. Nxd6 1-0

[Event "26.Torneo Collado Villalba 2011"]
[Site "Collado Villalba ESP"]
[Date "2011.08.28"]
[Round "6.24"]
[White "Serrano Martinez, Francisco Jos"]
[Black "Montoya Pecurul, Marc"]
[Result "1-0"]
[WhiteElo "1950"]
[BlackElo "1796"]
[PlyCount "115"]
[EventDate "2011.08.23"]
[EventType "swiss"]
[EventRounds "9"]
[EventCountry "ESP"]
[Source "lmi"]
[SourceDate "2011.08.23"]

1. e4 c5 2. c3 d6 3. Bc4 Nf6 4. Qe2 Nc6 5. Nf3 g6 6. d4 Bg4 7. h3 Bxf3 8. Qxf3
cxd4 9. O-O Bg7 10. Rd1 dxc3 11. Nxc3 O-O 12. Bf4 Nd7 13. Bd5 Nde5 14. Qe3 Kh8
15. Bh6 Bxh6 16. Qxh6 Nd7 17. Qe3 Qb6 18. Qxb6 Nxb6 19. Rac1 Nxd5 20. Rxd5 Rac8
21. Rb5 b6 22. Nd5 e6 23. Nf4 Nd4 24. Rxc8 Rxc8 25. Rb4 e5 26. Nd5 b5 27. a4 a5
28. Rxb5 Nxb5 29. axb5 Rc1+ 30. Kh2 Rb1 31. b4 a4 32. b6 a3 33. b7 a2 34. b8=Q+
Kg7 35. Nc3 a1=Q 36. Nxb1 Qxb1 37. Qxd6 Qxe4 38. Qc5 Qd4 39. Qxd4 exd4 40. Kg1
Kf6 41. Kf1 d3 42. b5 Ke5 43. Ke1 Kd5 44. Kd2 Kc5 45. Kxd3 Kxb5 46. Kd4 Kc6 47.
Ke5 Kd7 48. Kf6 Ke8 49. Kg7 h5 50. Kf6 Kf8 51. f3 Kg8 52. f4 Kf8 53. f5 gxf5
54. Kxf5 Ke7 55. Kg5 Ke6 56. Kxh5 Kf5 57. g4+ Kf6 58. h4 1-0

[Event "26.Torneo Collado Villalba 2011"]
[Site "Collado Villalba ESP"]
[Date "2011.08.28"]
[Round "6.25"]
[White "Barahona Torrijos, Angel"]
[Black "Lopez Heras, Arturo"]
[Result "0-1"]
[WhiteElo "1902"]
[BlackElo "1949"]
[PlyCount "90"]
[EventDate "2011.08.23"]
[EventType "swiss"]
[EventRounds "9"]
[EventCountry "ESP"]
[Source "lmi"]
[SourceDate "2011.08.23"]

1. e4 c5 2. a3 g6 3. d4 cxd4 4. c3 dxc3 5. Nxc3 Bg7 6. Bc4 Nc6 7. Nf3 d6 8. Bg5
Nf6 9. e5 dxe5 10. Qxd8+ Nxd8 11. Nxe5 O-O 12. O-O-O Be6 13. Bxe6 Nxe6 14. Bxf6
exf6 15. Nd7 Rfd8 16. Nd5 f5 17. N7f6+ Bxf6 18. Nxf6+ Kg7 19. Nd5 Rac8+ 20. Kb1
Rd7 21. Nc3 Rcd8 22. Kc1 Nf4 23. Nb5 a6 24. Nc3 Nd3+ 25. Kc2 Nxf2 26. Rxd7 Rxd7
27. Re1 Nd3 28. Re2 Nf4 29. Rf2 Ne6 30. b4 f4 31. Kb3 g5 32. Kc4 b5+ 33. Kb3 h5
34. Ne4 Rd3+ 35. Kb2 Kg6 36. Rf3 Rxf3 37. gxf3 f5 38. Nd2 g4 39. fxg4 fxg4 40.
Kc3 Kf5 41. Kd3 h4 42. Ke2 g3 43. Nf3 h3 44. hxg3 fxg3 45. Kf1 Kf4 0-1

[Event "26.Torneo Collado Villalba 2011"]
[Site "Collado Villalba ESP"]
[Date "2011.08.28"]
[Round "6.26"]
[White "Martin Carmona, Gaston"]
[Black "Olivera Gutierrez, Albert"]
[Result "0-1"]
[WhiteElo "1805"]
[BlackElo "2036"]
[PlyCount "56"]
[EventDate "2011.08.23"]
[EventType "swiss"]
[EventRounds "9"]
[EventCountry "ESP"]
[Source "lmi"]
[SourceDate "2011.08.23"]

1. e4 c5 2. Nf3 Nc6 3. d4 cxd4 4. Nxd4 Qc7 5. Nc3 e6 6. Be3 a6 7. Bd3 b5 8. O-O
Bb7 9. Kh1 Nf6 10. Nb3 h5 11. f3 h4 12. f4 h3 13. g3 Nb4 14. a3 Nxd3 15. cxd3
d5 16. Nd2 Rd8 17. exd5 Nxd5 18. Nxd5 Bxd5+ 19. Nf3 Be7 20. Rc1 Qd7 21. Bc5 Bf6
22. b3 Rc8 23. d4 Qb7 24. Kg1 Bxf3 25. Rxf3 Qe4 26. Rcc3 Rxc5 27. dxc5 Bxc3 28.
Rxc3 Qg2# 0-1

[Event "26.Torneo Collado Villalba 2011"]
[Site "Collado Villalba ESP"]
[Date "2011.08.28"]
[Round "6.27"]
[White "Ruiz Sanchez, Roberto"]
[Black "Herrero Corada, Jose Ignacio"]
[Result "1-0"]
[WhiteElo "1997"]
[BlackElo "1852"]
[PlyCount "67"]
[EventDate "2011.08.23"]
[EventType "swiss"]
[EventRounds "9"]
[EventCountry "ESP"]
[Source "lmi"]
[SourceDate "2011.08.23"]

1. e4 c6 2. d4 d5 3. exd5 cxd5 4. c4 Nf6 5. Nc3 e6 6. Nf3 Bb4 7. cxd5 Nxd5 8.
Bd2 O-O 9. Bd3 Nc6 10. O-O b6 11. Nxd5 Bxd2 12. Bxh7+ Kxh7 13. Qc2+ Kg8 14.
Qxc6 Ba6 15. Rfd1 Rc8 16. Qa4 Be2 17. Rxd2 Bxf3 18. Ne3 Bc6 19. Qd1 Qg5 20. Qe2
f5 21. f3 Rcd8 22. Rad1 Bb7 23. Kh1 Rf6 24. Nc4 Bd5 25. b3 Rh6 26. Qf2 f4 27.
Ne5 Rf8 28. Rc2 Qh5 29. h3 Be4 30. Rc7 Bf5 31. Kg1 Bxh3 32. gxh3 Qxh3 33. Qg2
Qf5 34. Qxg7# 1-0

[Event "26.Torneo Collado Villalba 2011"]
[Site "Collado Villalba ESP"]
[Date "2011.08.28"]
[Round "6.28"]
[White "Ananian, Arman"]
[Black "Olives Barba, Carlos Jose"]
[Result "0-1"]
[WhiteElo "1847"]
[BlackElo "1917"]
[PlyCount "64"]
[EventDate "2011.08.23"]
[EventType "swiss"]
[EventRounds "9"]
[EventCountry "ESP"]
[Source "lmi"]
[SourceDate "2011.08.23"]

1. e4 d5 2. exd5 Qxd5 3. Nc3 Qd6 4. d4 Nf6 5. Nf3 Bg4 6. g3 e6 7. Bg2 c6 8. O-O
g6 9. Bf4 Qd8 10. Qd2 Bxf3 11. Bxf3 Bg7 12. d5 Nxd5 13. Bxd5 cxd5 14. Nb5 e5
15. Rfe1 Nc6 16. Rad1 O-O 17. Bh6 a6 18. Na3 Bxh6 19. Qxh6 b5 20. c3 Ra7 21.
Nc2 Rd7 22. Ne3 f5 23. Qh3 d4 24. cxd4 Nxd4 25. Kf1 Qa5 26. a3 Rfd8 27. Kg2 Nc2
28. Nxc2 Rxd1 29. Rxe5 Qc7 30. Re2 R1d2 31. Rxd2 Rxd2 32. Ne1 Qc5 0-1